Expresión escrita: cuaderno de trabajo

保存先:
書誌詳細
主要な著者: Collarte Rivacoba, Carmen (著者), Infante Roldán, María Isabel (著者), Valdés, Regina (著者)
フォーマット: 図書
言語:スペイン語
出版事項: Santiago Nueva Universidad 1980
版:1a. ed
シリーズ:Colección Teleduc
主題:
タグ: タグ追加
タグなし, このレコードへの初めてのタグを付けませんか!

MARC

LEADER 00000nam a2200000 a 4500
001 UCH6298
003 CL-VaPUC
008 091109e19800000CL |||||||||||||||||spa|d
082 0 4 |a 372.47  |b PAL  |2 21 
100 0 |a Collarte Rivacoba, Carmen  |e author  |9 542744 
700 |a Infante Roldán, María Isabel  |e author  |9 562504 
700 0 |a Valdés, Regina  |e author  |9 542746 
245 1 0 |a Expresión escrita: cuaderno de trabajo 
246 1 0 |a Comprensión de lectura y redacción 
250 |a 1a. ed 
300 |a 2 v 
942 |c BK 
945 |d 20091109 00:00:00  |a lazolas 
260 |a Santiago  |b Nueva Universidad  |c 1980 
650 0 |a Comprensión de lectura  |9 307588 
650 0 |a Enseñanza de la lectura  |9 308364 
650 0 |a Expresión escrita  |9 334816 
650 0 |a Escritura  |9 264941 
583 |a last modification  |c 20120601 11:22:34  |k Rodrigo Vera 
490 0 |a Colección Teleduc 
999 |c 337215  |d 337213